| 000 | | | 04729nmc2a22002653x 450 |
| 001 | | | dea486f4-86b6-4532-8589-f41884bd9e17 |
| 005 | | | 20241015124250.0 |
| 100 | ## | $a | 20240327l17971798k l0rusy0189 ca |
| 101 | 0# | $a | rus |
| 102 | ## | $a | RU |
| 105 | ## | $a | y### |
| 122 | 2# | $a | d |
| 200 | 1# | $a | Третные ведомости, получаемые из Московского приказа общественного призрения, о делах Московской губернии за январскую и майскую трети 1797 года, от 18 декабря 1797 года |
| | $j | 18 декабря 1797 г. - 3 января 1798 г. |
| 215 | ## | $a | 12 л. |
| | $d | 36,5х26 см |
| 251 | ## | $c | Дело |
| 300 | ## | $a | [Павел Комов]; секретарь Петр [Выдвиженский]; канцелярист Матвей Матвеев |
| 300 | ## | $a | Ориг. заголовок дела: Дело в Главное училищное правительство из Московского приказа общественного призрения, сочиненные по силе высочайше изданного о народных училищах устава §104 о производившихся в этом приказе по части народных училищ делах за минувшие этого 1798 года январскую и майскую трети ведомости, в это Училищное правительство препровождаются при нем 18 декабря 1797 года. 18 декабря 1797 г. - 3 января 1798 г |
| 371 | ## | $a | Документ не является опубликованным и широко распространяемым |
| 461 | #0 | $1 | 00174716ac7-ef0a-4ce9-889f-df06b5c6e13c |
| | $1 | 2001 |
| | $a | Комиссия об учреждении народных училищ |
| | $1 | 251 |
| | $c | Фонд |
| | $1 | 852 |
| | $j | 730 |
| 462 | #0 | $1 | 001e6616291-8022-4671-9001-59f853d67170 |
| | $1 | 2001 |
| | $a | Журналы заседаний и определения Комиссии; ведомости приказов общественного призрения о состоянии и бюджете училищ, учителях, успехах учеников |
| | $1 | 251 |
| | $c | Опись |
| | $1 | 852 |
| | $j | 2 |
| 517 | 1# | $a | Дело в Главное училищное правительство из Московского приказа общественного призрения, сочиненные по силе высочайше изданного о народных училищах устава §104 о производившихся в этом приказе по части народных училищ делах за минувшие этого 1798 года январскую и майскую трети ведомости, в это Училищное правительство препровождаются при нем 18 декабря 1797 года. 18 декабря 1797 г. - 3 января 1798 г |
| 801 | #0 | $a | RU |
| | $b | РГИА |
| | $c | 20240327 |
| | $g | RCR |
| 801 | #1 | $a | RU |
| | $b | ГлавНИВЦ |
| | $c | 20240327 |
| | $2 | rusmarc |
| 801 | #2 | $a | RU |
| | $b | ПБ им. Б.Н. Ельцина |
| | $c | 20241015 |
| | $g | RCR |
| | $2 | rusmarc |
| 850 | ## | $a | РГИА |
| 852 | ## | $a | РГИА |
| | $e | Федеральное казенное учреждение "Российский государственный исторический архив" (РГИА) |
| | $j | 147 |
| 937 | ## | $h | РГИА |
| | $d | 12413989 |
| | $a | ASBIBLIO_SCAN |
| 035 | ## | $a | RusGRCC00077215 |
| 856 | ## | $u | http://readingroom.main.prlib.ru/item.aspx?id_node=n194294571&mode=full |